000 01051na a2200325 4500
001 23391
003 MIRAKIL
005 20181213155137.0
008 170922b tu 000 0
020 _a9789944612012
040 _aMilas
_btur
_cTR-AnCHP
041 _atur
082 _a320.9561
_bA81e 22017
090 _a320.9561 A81e 22017
100 _aAvcı, Hanefi
245 _aErken uyarı
_bDevlet bilgisi
_cHanefi Avcı
246 _aDevlet bilgisi
260 _aİstanbul
_bTekin Yayınevi
_c2017
_fYaylacık matbaacılık
300 _a583 s.
_c21 sm.
440 _aTekin yayınevi
_v651
650 _aAnayasa değişikliği
_xReferandum, 2017
650 _aTürkiye
_xSiyasal yaşam
_yAnayasa değişikliği, 2017
650 _aFethullahçı Terör Örgütü (FETÖ)
_x15 Temmuz 2016
650 _aGülen cemaati
_v15 Temmuz 2016
650 _aSiyaset ve din
_xTürkiye
650 _aSiyaset ve yönetim
_xAKP iktidarı
_yDış politika
650 _aSiyaset ve yönetim
_xTürkiye
740 _aDevlet bilgisi
942 _2ddc
_cBKS
999 _c7379
_d7379